| Tag |
First Indicator |
Second Indicator |
Subfields |
| LEADER |
00000cam a2200000 4500 |
| 001 |
in00000050506 |
| 005 |
20151007071855.0 |
| 008 |
770603s1959 maua b 10110 enge |
| 010 |
|
|
|a 59001719
|
| 035 |
|
|
|a (OCoLC)03014391
|
| 035 |
|
|
|9 AAE6800AM
|
| 040 |
|
|
|a DLC
|c FDA
|d FDA
|d COH
|d TXA
|d UtOrBLW
|
| 049 |
|
|
|a TXAM
|c [345755]
|
| 050 |
0 |
0 |
|a QD416
|b .C59 1958
|
| 060 |
|
0 |
|a W 3 SY72117
|
| 082 |
0 |
|
|a 574.196
|
| 092 |
|
|
|a 574.196
|b C567c, 1959
|
| 111 |
2 |
|
|a Ciba Foundation Symposium on the Biosynthesis of Terpenes and Sterols
|d (1958 :
|c London)
|
| 245 |
1 |
0 |
|a Ciba Foundation Symposium on the Biosynthesis of Terpenes and Sterols /
|c Editors for the Ciba Foundation: G. E. W. Wolstenholme and Maeve O'Connor.
|
| 264 |
|
1 |
|a Boston :
|b Little, Brown,
|c [1959]
|
| 300 |
|
|
|a xii, 311 pages :
|b illustrations, diagrams, tables. ;
|c 21 cm.
|
| 336 |
|
|
|a text
|b txt
|2 rdacontent
|
| 337 |
|
|
|a unmediated
|b n
|2 rdamedia
|
| 338 |
|
|
|a volume
|b nc
|2 rdacarrier
|
| 504 |
|
|
|a Includes bibliographies and index.
|
| 650 |
|
0 |
|a Terpenes.
|
| 650 |
|
0 |
|a Sterols.
|
| 700 |
1 |
|
|a Wolstenholme, G. E. W.
|q (Gordon Ethelbert Ward)
|
| 700 |
1 |
|
|a O'Connor, Maeve.
|
| 999 |
|
|
|a MARS
|
| 999 |
f |
f |
|s dc6976f9-a1b7-3984-aa0f-d749ff5b8d85
|i ce5cc333-82de-37f0-956c-ed8ab291f365
|t 0
|
| 952 |
f |
f |
|p ric
|a Texas A&M University
|b Rellis Campus
|c Joint Library Facility
|d Remote Storage
|t 0
|e QD416 .C59 1958
|h Library of Congress classification
|i unmediated -- volume
|m A14800974303
|
| 998 |
f |
f |
|a QD416 .C59 1958
|t 0
|l Remote Storage
|